header

Doggone Dogs (Record no. 261260)

MARC details
000 -LEADER
fixed length control field 00209nam a22000977a 4500
020 ## - INTERNATIONAL STANDARD BOOK NUMBER
ISBN 9780545244336
100 ## - MAIN ENTRY--AUTHOR NAME
Personal name Karen Beaumont
245 ## - TITLE STATEMENT
Title Doggone Dogs
260 ## - PUBLICATION, DISTRIBUTION, ETC. (IMPRINT)
Place of publication New York
Name of publisher Scholastic
Year of publication 2008
942 ## - ADDED ENTRY ELEMENTS (KOHA)
Koha item type Long Loan Books
Holdings
Withdrawn status Lost status Collection code Home library Current library Shelving location Date acquired Accession Number Koha item type
    Fiction Rongo University Library Rongo University Library Children's Area 01/11/2023 CL20222313 Long Loan Books

© 2026 Rongo University
Contact us: librarian | system librarian | Rongo university